000 00478nam a2200181Ia 4500
003 GCL
008 140319s9999 xx 000 0 eng d
040 _aGCL /
_cGCL
082 0 4 _a629.892
_bN I
100 1 _aLA MURE, PIERRE
245 1 0 _aINTELLIGENT SEAMTRACKING FOR ROBOTIC WELDING /
_cLA MURE, PIERRE
260 _a[S.N] :
_bMACMILLAN PUBLISHING COMPANY
300 _a225 P
650 0 4 _aINDUSTRY
650 0 4 _aWELDING PROCESSES
650 0 4 _aWELDING
942 _2ddc
_cBK
999 _c16962
_d16962